[Event "Bank Lviv-open 2016 (C-Open)"]
[Site "Lviv"]
[Date "2016.03.16"]
[Round "8.4"]
[White "Oleksiyenko, Mykhaylo"]
[Black "Mikhaletz, Lubomir"]
[Result "1/2-1/2"]
[WhiteElo "2536"]
[BlackElo "2353"]
[PlyCount "114"]
[EventDate "2016.03.15"]
[EventType "swiss (rapid)"]
[EventRounds "11"]
[EventCountry "UKR"]

1. e4 Nc6 2. Nf3 d6 3. d4 Nf6 4. Nc3 Bg4 5. Bb5 Nd7 6. d5 Bxf3 7. Qxf3 Ncb8 8.
O-O g6 9. e5 dxe5 10. Bc4 Nf6 11. Ne4 Nbd7 12. Nxf6+ exf6 13. Qb3 Bd6 14. Qxb7
O-O 15. Qb3 f5 16. Qh3 Rb8 17. Bb3 Nc5 18. Bh6 Re8 19. Rad1 a5 20. Bc1 a4 21.
Bc4 e4 22. b3 Qf6 23. Bd2 f4 24. b4 Nd7 25. Qxd7 Qd4 26. Bxf4 Qxc4 27. Bxd6
cxd6 28. Qxd6 Qxc2 29. Qf6 Qxa2 30. d6 Qe6 31. Qxe6 Rxe6 32. Rd4 Kf8 33. Ra1
Rd8 34. Rxa4 Rexd6 35. Rxd6 Rxd6 36. g4 Ke7 37. b5 f5 38. gxf5 gxf5 39. Rb4 Rb6
40. Kg2 Kd6 41. Kg3 Ke5 42. Rb1 h6 43. Kg2 Kd4 44. Kg3 Ke5 45. Kg2 f4 46. Kf1
Kd4 47. Rd1+ Kc5 48. Re1 Re6 49. Rb1 Kb6 50. Ke2 e3 51. fxe3 Rxe3+ 52. Kf2 Rc3
53. Rb4 Rc2+ 54. Kg1 f3 55. Rb3 Rg2+ 56. Kh1 Rf2 57. Kg1 Rg2+ 1/2-1/2

[Event "Bank Lviv-open 2016 (C-Open)"]
[Site "Lviv"]
[Date "2016.03.16"]
[Round "8.5"]
[White "Koziak, Vitali"]
[Black "Mirzoev, Emil"]
[Result "1/2-1/2"]
[WhiteElo "2406"]
[BlackElo "2433"]
[PlyCount "57"]
[EventDate "2016.03.15"]
[EventType "swiss (rapid)"]
[EventRounds "11"]
[EventCountry "UKR"]

1. Nf3 Nf6 2. c4 d6 3. Nc3 g6 4. g3 Bg7 5. Bg2 O-O 6. d4 Nc6 7. O-O Bf5 8. d5
Na5 9. Nd4 Bd7 10. b3 c5 11. dxc6 bxc6 12. Bb2 Rb8 13. Rb1 c5 14. Nc2 Nc6 15.
Nd5 Nxd5 16. cxd5 Nb4 17. Bxg7 Kxg7 18. Nxb4 Rxb4 19. a3 Rb8 20. b4 cxb4 21.
Qd4+ Kg8 22. Rxb4 Rxb4 23. axb4 Qb6 24. Qxb6 axb6 25. Ra1 Rc8 26. f4 Bb5 27.
Ra7 Rc4 28. Rb7 Rxb4 29. Rxb6 1/2-1/2

[Event "Bank Lviv-open 2016 (C-Open)"]
[Site "Lviv"]
[Date "2016.03.16"]
[Round "8.6"]
[White "Kovalev, Vladislav"]
[Black "Skliarov, Viktor"]
[Result "1/2-1/2"]
[WhiteElo "2633"]
[BlackElo "2401"]
[PlyCount "145"]
[EventDate "2016.03.15"]
[EventType "swiss (rapid)"]
[EventRounds "11"]
[EventCountry "UKR"]

1. d4 Nf6 2. Nc3 d5 3. Bf4 c6 4. e3 Bf5 5. f3 e6 6. g4 Bg6 7. h4 h5 8. g5 Nfd7
9. Bd3 Bxd3 10. Qxd3 Nb6 11. Nge2 Bd6 12. e4 Bxf4 13. Nxf4 Qc7 14. e5 g6 15.
O-O Na6 16. b3 Nc8 17. Nd1 Ne7 18. Ne3 O-O 19. c4 Qd7 20. c5 Nc7 21. b4 a5 22.
Rfb1 a4 23. a3 Rfb8 24. Kf2 Kg7 25. Ne2 Nb5 26. Ng3 Rh8 27. Nd1 Qc8 28. Nc3 Qd7
29. Nce2 Nc8 30. Nf4 Ne7 31. Rg1 Rag8 32. Nfe2 Nc8 33. Qc2 b6 34. Qxa4 bxc5 35.
bxc5 Ne7 36. Qc2 Ra8 37. a4 Nc7 38. Rgb1 Rhb8 39. Nf4 Nf5 40. Nxf5+ exf5 41.
Rb6 Ne6 42. Nxe6+ Qxe6 43. Rab1 Rd8 44. f4 Ra5 45. Rb7 Rd7 46. Rb8 Rda7 47. Rd8
Rd7 48. Rc8 Rb7 49. Rxb7 Qxc8 50. Qb3 Qa8 51. Rb4 Qa6 52. Ke1 Qa8 53. Kd2 Qa6
54. Qd1 Qa7 55. Kc3 Kf8 56. Kb3 Qa6 57. Ka3 Ke7 58. Kb3 Kf8 59. Kb2 Ke7 60. Ka3
Kf8 61. Kb3 Ke7 62. Kc3 Kd7 63. Kd2 Ke7 64. Kc1 Kd7 65. Kb2 Ke7 66. Ka3 Kd7 67.
Kb3 Ke7 68. Qd2 Kf8 69. e6 fxe6 70. Qc3 Kf7 71. Rb6 Qf1 72. Rb7+ Kg8 73. Rb8+
1/2-1/2

[Event "Bank Lviv-open 2016 (C-Open)"]
[Site "Lviv"]
[Date "2016.03.16"]
[Round "9.1"]
[White "Volokitin, Andrei"]
[Black "Kuzubov, Yuriy"]
[Result "1-0"]
[WhiteElo "2640"]
[BlackElo "2567"]
[PlyCount "63"]
[EventDate "2016.03.15"]
[EventType "swiss (rapid)"]
[EventRounds "11"]
[EventCountry "UKR"]

1. e4 e5 2. Nf3 Nf6 3. Nxe5 d6 4. Nf3 Nxe4 5. d4 d5 6. Bd3 Be7 7. O-O Nc6 8.
Nbd2 Nxd2 9. Bxd2 Bg4 10. c3 O-O 11. Bf4 Bd6 12. Bg3 Re8 13. Qb3 Bxf3 14. gxf3
Rb8 15. Rfe1 Bxg3 16. hxg3 Rxe1+ 17. Rxe1 g6 18. f4 Qd6 19. Bf1 Ne7 20. Re5 c6
21. c4 Kf8 22. cxd5 Nxd5 23. Bc4 f6 24. Re4 Nc7 25. f5 gxf5 26. Rh4 Qe7 27. Bg8
h5 28. Rxh5 Re8 29. Bc4 Qe1+ 30. Bf1 Nd5 31. Qxb7 Re7 32. Qxc6 1-0

[Event "Bank Lviv-open 2016 (C-Open)"]
[Site "Lviv"]
[Date "2016.03.16"]
[Round "9.2"]
[White "Sivuk, Vitaly"]
[Black "Bortnyk, Olexandr"]
[Result "0-1"]
[WhiteElo "2524"]
[BlackElo "2606"]
[PlyCount "82"]
[EventDate "2016.03.15"]
[EventType "swiss (rapid)"]
[EventRounds "11"]
[EventCountry "UKR"]

1. e4 c5 2. Nf3 Nc6 3. d4 cxd4 4. Nxd4 e6 5. Nc3 Qc7 6. Be3 a6 7. Be2 Nf6 8.
O-O Bb4 9. Na4 O-O 10. c4 Bd6 11. g3 Nxe4 12. Bf3 f5 13. c5 Be5 14. Rc1 Nf6 15.
Nb6 Rb8 16. Nc4 f4 17. Nxe5 fxe3 18. Nc4 exf2+ 19. Rxf2 Ne5 20. Nxe5 Qxe5 21.
Qd3 d5 22. Re2 Qg5 23. Rce1 Ne4 24. Bxe4 dxe4 25. Qxe4 Qxc5 26. Qe5 Qa7 27. Kg2
b5 28. Nxe6 Re8 29. Qd4 Qf7 30. Nc5 Rxe2+ 31. Rxe2 Bh3+ 32. Kxh3 Qh5+ 33. Qh4
Qxe2 34. Qd4 Qh5+ 35. Kg2 Re8 36. Ne4 Qe5 37. Qxe5 Rxe5 38. Kf3 Kf7 39. Ke3 Ke6
40. Kd4 Rd5+ 41. Kc3 Kf5 0-1

[Event "Bank Lviv-open 2016 (C-Open)"]
[Site "Lviv"]
[Date "2016.03.16"]
[Round "9.3"]
[White "Onischuk, Vladimir"]
[Black "Koziak, Vitali"]
[Result "1-0"]
[WhiteElo "2732"]
[BlackElo "2406"]
[PlyCount "101"]
[EventDate "2016.03.15"]
[EventType "swiss (rapid)"]
[EventRounds "11"]
[EventCountry "UKR"]

1. e4 e5 2. Nf3 Nc6 3. Bb5 Nf6 4. d3 Bc5 5. c3 O-O 6. O-O d6 7. Nbd2 Bb6 8. h3
Ne7 9. Re1 c6 10. Ba4 Ng6 11. d4 Nh5 12. Nc4 Bc7 13. Ne3 Re8 14. Bc2 exd4 15.
cxd4 Nf6 16. Nf1 c5 17. d5 Ba5 18. Re3 c4 19. Ng3 b5 20. Nd4 Bb6 21. Nc6 Qc7
22. Rf3 Nd7 23. Nh5 Bb7 24. Nd4 Nde5 25. Nf5 Nxf3+ 26. Qxf3 Bc8 27. Nfxg7 Re5
28. Bh6 Qe7 29. Nf6+ Kh8 30. Ngh5 Rxh5 31. Nxh5 Bd4 32. Re1 Bxb2 33. Rb1 Be5
34. Rxb5 Ba6 35. Rb1 Rg8 36. g3 c3 37. Kh1 Bc4 38. a4 Bd4 39. Be3 Be5 40. a5
Qc7 41. Nf6 Rb8 42. Rxb8+ Qxb8 43. Ng4 Bg7 44. Bh6 Qf8 45. Bxg7+ Qxg7 46. Qf5
Bb5 47. Nf6 Ne7 48. Qf4 Nc8 49. e5 Ne7 50. exd6 Ng6 51. Qf5 1-0

[Event "Bank Lviv-open 2016 (C-Open)"]
[Site "Lviv"]
[Date "2016.03.16"]
[Round "9.4"]
[White "Stupak, Kirill"]
[Black "Budnikov, Oleg"]
[Result "1-0"]
[WhiteElo "2612"]
[BlackElo "2475"]
[PlyCount "89"]
[EventDate "2016.03.15"]
[EventType "swiss (rapid)"]
[EventRounds "11"]
[EventCountry "UKR"]

1. d4 Nf6 2. g3 c5 3. d5 e6 4. c4 exd5 5. cxd5 d6 6. Nc3 g6 7. Bg2 Bg7 8. Nf3
O-O 9. O-O a6 10. a4 Nbd7 11. Bf4 Qe7 12. e4 Ng4 13. h3 Nge5 14. Nd2 Rb8 15.
Qe2 Nf6 16. Be3 Re8 17. f4 Ned7 18. Bf2 b5 19. axb5 axb5 20. Qf3 b4 21. Nd1 Nb6
22. Ne3 Nfd7 23. Ra2 Bb7 24. Nec4 Nxc4 25. Nxc4 Nf6 26. Re1 Ra8 27. Rxa8 Rxa8
28. Qd3 Ba6 29. e5 Bxc4 30. Qxc4 Nd7 31. h4 Rb8 32. Bh3 Nb6 33. Qb5 Bf8 34. Qc6
Qd8 35. Rd1 Nc4 36. b3 Na5 37. Qa4 c4 38. bxc4 Nxc4 39. e6 f5 40. Rb1 Qa5 41.
Qd7 Qxd5 42. Bg2 Qd3 43. Re1 b3 44. Qf7+ Kh8 45. e7 1-0

[Event "Bank Lviv-open 2016 (C-Open)"]
[Site "Lviv"]
[Date "2016.03.16"]
[Round "9.5"]
[White "Mikhaletz, Lubomir"]
[Black "Malakhatko, Vadim"]
[Result "0-1"]
[WhiteElo "2353"]
[BlackElo "2553"]
[PlyCount "58"]
[EventDate "2016.03.15"]
[EventType "swiss (rapid)"]
[EventRounds "11"]
[EventCountry "UKR"]

1. d4 e6 2. Nf3 c5 3. e4 cxd4 4. Nxd4 Nc6 5. Nc3 Qc7 6. Be3 a6 7. Nxc6 bxc6 8.
Be2 Nf6 9. O-O d5 10. Qd3 Be7 11. Bg5 O-O 12. Qg3 Qxg3 13. hxg3 h6 14. Bxf6
Bxf6 15. Bd3 a5 16. Na4 Rb8 17. c3 Be7 18. Rac1 Bd7 19. b3 Rfd8 20. c4 Be8 21.
Rfd1 Ba3 22. Rb1 Bb4 23. c5 f6 24. f3 Rb7 25. Kf2 Rbd7 26. Ke2 dxe4 27. Bxe4
Rd2+ 28. Rxd2 Rxd2+ 29. Kf1 f5 0-1

[Event "Bank Lviv-open 2016 (C-Open)"]
[Site "Lviv"]
[Date "2016.03.16"]
[Round "9.6"]
[White "Mirzoev, Emil"]
[Black "Oleksiyenko, Mykhaylo"]
[Result "1-0"]
[WhiteElo "2433"]
[BlackElo "2536"]
[PlyCount "49"]
[EventDate "2016.03.15"]
[EventType "swiss (rapid)"]
[EventRounds "11"]
[EventCountry "UKR"]

1. d4 d5 2. c4 c6 3. Nc3 Nf6 4. e3 Bf5 5. cxd5 cxd5 6. Qb3 Bc8 7. Nf3 Nc6 8.
Ne5 e6 9. f4 Be7 10. Bd3 O-O 11. O-O Na5 12. Qd1 Bd7 13. Qf3 Rc8 14. Qh3 g6 15.
Bd2 Nc4 16. Bxc4 dxc4 17. Qf3 b5 18. a3 Qb6 19. e4 Qxd4+ 20. Be3 Qxe3+ 21. Qxe3
Bc5 22. Kf2 Rfd8 23. g4 Be8 24. Rfd1 a5 25. Qxc5 1-0

[Event "Bank Lviv-open 2016 (C-Open)"]
[Site "Lviv"]
[Date "2016.03.16"]
[Round "10.1"]
[White "Volokitin, Andrei"]
[Black "Onischuk, Vladimir"]
[Result "0-1"]
[WhiteElo "2640"]
[BlackElo "2732"]
[PlyCount "80"]
[EventDate "2016.03.15"]
[EventType "swiss (rapid)"]
[EventRounds "11"]
[EventCountry "UKR"]

1. e4 d6 2. d4 Nf6 3. Nc3 g6 4. Be3 c6 5. Qd2 Nbd7 6. f3 b5 7. g4 Nb6 8. h4 h5
9. g5 Nfd7 10. d5 cxd5 11. Bd4 Rg8 12. Bxb5 Bb7 13. Bxb6 Qxb6 14. Nxd5 Bxd5 15.
Qxd5 Rc8 16. c4 Bg7 17. Ne2 a6 18. Bxd7+ Kxd7 19. Rb1 e6 20. Qd3 Qb4+ 21. Kf2
Qxc4 22. Rhd1 Qxd3 23. Rxd3 Rc2 24. Rbd1 Be5 25. Ke3 Rb8 26. f4 Rbxb2 27. Ng1
Bg7 28. Rxd6+ Kc8 29. e5 Rc3+ 30. Ke4 Rb4+ 31. R6d4 Rxd4+ 32. Rxd4 Bf8 33. Nf3
Bc5 34. Rd3 Rc4+ 35. Nd4 Kc7 36. Rd2 Kb6 37. Rd1 Ka5 38. Rd2 Ka4 39. Rd3 a5 40.
Rd2 Ka3 0-1

[Event "Bank Lviv-open 2016 (C-Open)"]
[Site "Lviv"]
[Date "2016.03.16"]
[Round "10.2"]
[White "Bortnyk, Olexandr"]
[Black "Stupak, Kirill"]
[Result "1-0"]
[WhiteElo "2606"]
[BlackElo "2612"]
[PlyCount "97"]
[EventDate "2016.03.15"]
[EventType "swiss (rapid)"]
[EventRounds "11"]
[EventCountry "UKR"]

1. e4 e6 2. Nf3 d5 3. e5 c5 4. b4 c4 5. c3 a5 6. b5 Nd7 7. d4 cxd3 8. Bxd3 Qc7
9. Qe2 Ne7 10. Bf4 h6 11. h4 g6 12. O-O Bg7 13. Nbd2 b6 14. c4 Nc5 15. Rac1 Bb7
16. Bb1 Rd8 17. cxd5 Bxd5 18. Nc4 Bxc4 19. Rxc4 Qb7 20. Be3 Nd7 21. Rfc1 Nd5
22. h5 g5 23. Bd4 Qb8 24. Qe4 Qa8 25. Nh2 Ne7 26. Qxa8 Rxa8 27. Ng4 Rd8 28. Be4
O-O 29. Nf6+ Bxf6 30. exf6 Nd5 31. Bxd5 exd5 32. Rc6 Rfe8 33. Rd6 Nf8 34. Rxd8
Rxd8 35. Bxb6 Rb8 36. Rc6 Nd7 37. Bd4 Rxb5 38. Rc8+ Kh7 39. Rc7 Rb4 40. Rxd7
Rxd4 41. Rxf7+ Kg8 42. Rg7+ Kf8 43. Rh7 Ra4 44. Rxh6 Kf7 45. Rg6 g4 46. Rg5 d4
47. h6 Rb4 48. h7 Rb8 49. Rg7+ 1-0

[Event "Bank Lviv-open 2016 (C-Open)"]
[Site "Lviv"]
[Date "2016.03.16"]
[Round "10.3"]
[White "Malakhatko, Vadim"]
[Black "Kuzubov, Yuriy"]
[Result "1-0"]
[WhiteElo "2553"]
[BlackElo "2567"]
[PlyCount "65"]
[EventDate "2016.03.15"]
[EventType "swiss (rapid)"]
[EventRounds "11"]
[EventCountry "UKR"]

1. d4 g6 2. e4 Bg7 3. c3 d6 4. Nf3 Nf6 5. Bd3 O-O 6. O-O Nc6 7. Re1 e5 8. dxe5
Nxe5 9. Nxe5 dxe5 10. a4 Nd7 11. Bc2 Nc5 12. b4 Ne6 13. a5 Qe7 14. Nd2 Rd8 15.
Qf3 c5 16. b5 Bd7 17. Rb1 Qe8 18. Bd3 Nf4 19. Bf1 h5 20. h3 Rac8 21. b6 a6 22.
Nc4 Bb5 23. Bxf4 exf4 24. e5 Bc6 25. Qxf4 Bf8 26. Nd6 Rxd6 27. exd6 Qd7 28.
Rbd1 Ba4 29. Rd2 Rd8 30. Bc4 Bxd6 31. Rxd6 Qxd6 32. Qxf7+ Kh8 33. Re7 1-0

[Event "Bank Lviv-open 2016 (C-Open)"]
[Site "Lviv"]
[Date "2016.03.16"]
[Round "10.5"]
[White "Bernadskiy, Vitaliy"]
[Black "Borisenko, Viacheslav"]
[Result "1-0"]
[WhiteElo "2570"]
[BlackElo "2403"]
[PlyCount "67"]
[EventDate "2016.03.15"]
[EventType "swiss (rapid)"]
[EventRounds "11"]
[EventCountry "UKR"]

1. Nf3 d5 2. g3 g6 3. Bg2 Bg7 4. d4 Nf6 5. O-O O-O 6. Nbd2 c5 7. dxc5 Qc7 8.
Nb3 e5 9. c3 h6 10. Ne1 Be6 11. Nd3 Na6 12. f4 e4 13. Nb4 Nxc5 14. Be3 Na4 15.
Rb1 Nb6 16. Bd4 Nc4 17. Nc5 Ng4 18. Bxg7 Kxg7 19. Qd4+ Nf6 20. f5 gxf5 21. Nxd5
Qe5 22. Nxf6 Qxf6 23. Nxe6+ fxe6 24. Qxc4 Rac8 25. Qb4 b6 26. Bxe4 Qe5 27. Bf3
Kg8 28. Qf4 Qf6 29. Rbd1 e5 30. Qh4 Qxh4 31. gxh4 e4 32. Bg2 Rc7 33. Rd6 Kg7
34. h5 1-0

[Event "Bank Lviv-open 2016 (C-Open)"]
[Site "Lviv"]
[Date "2016.03.16"]
[Round "10.6"]
[White "Skliarov, Viktor"]
[Black "Sivuk, Vitaly"]
[Result "0-1"]
[WhiteElo "2401"]
[BlackElo "2524"]
[PlyCount "54"]
[EventDate "2016.03.15"]
[EventType "swiss (rapid)"]
[EventRounds "11"]
[EventCountry "UKR"]

1. e4 e5 2. Nc3 Nf6 3. Bc4 Nxe4 4. Qh5 Nd6 5. Bb3 Be7 6. Qxe5 O-O 7. d4 Nc6 8.
Qf4 Na5 9. Bd5 c6 10. Bf3 Ne8 11. Nge2 d5 12. b3 Bd6 13. Qd2 b6 14. Bb2 Bf5 15.
O-O-O Nf6 16. Ng3 Bg6 17. Kb1 b5 18. h4 h6 19. Nce2 Qc7 20. h5 Bh7 21. Rh4 Rfb8
22. Nf4 Nc4 23. Qc1 Nxb2 24. Kxb2 a5 25. Nd3 Qe7 26. Qe3 Qxe3 27. fxe3 Bxg3 0-1

[Event "Bank Lviv-open 2016 (C-Open)"]
[Site "Lviv"]
[Date "2016.03.16"]
[Round "11.2"]
[White "Onischuk, Vladimir"]
[Black "Bernadskiy, Vitaliy"]
[Result "0-1"]
[WhiteElo "2732"]
[BlackElo "2570"]
[PlyCount "84"]
[EventDate "2016.03.15"]
[EventType "swiss (rapid)"]
[EventRounds "11"]
[EventCountry "UKR"]

1. e4 c6 2. d4 d5 3. e5 Bf5 4. h4 h5 5. Bd3 Bxd3 6. Qxd3 e6 7. Bg5 Qb6 8. Nd2
Qa6 9. c4 Bb4 10. b3 Ne7 11. Ngf3 Nf5 12. O-O Nd7 13. Rfc1 O-O 14. Nf1 Ba3 15.
Rc2 c5 16. dxc5 Nxc5 17. Qe2 Ne4 18. Ne3 Nxe3 19. Bxe3 Rfd8 20. Rd1 Rac8 21.
Ng5 g6 22. Nxe4 dxe4 23. Rcd2 Be7 24. Bg5 Bxg5 25. hxg5 Qa5 26. Rd6 Rf8 27.
Qxe4 Qxa2 28. Qe3 a5 29. c5 Qa3 30. Rc1 Rc7 31. Rc3 Rfc8 32. Qf3 Rxc5 33. Rd7
Rf8 34. Re3 Rxe5 35. Rxb7 Rxg5 36. Qf4 Rf5 37. Qg3 Qa1+ 38. Kh2 Qf6 39. f3 Rf4
40. Rb5 Rh4+ 41. Kg1 Qa1+ 42. Re1 Qd4+ 0-1

[Event "Bank Lviv-open 2016 (C-Open)"]
[Site "Lviv"]
[Date "2016.03.16"]
[Round "11.3"]
[White "Sivuk, Vitaly"]
[Black "Volokitin, Andrei"]
[Result "0-1"]
[WhiteElo "2524"]
[BlackElo "2640"]
[PlyCount "115"]
[EventDate "2016.03.15"]
[EventType "swiss (rapid)"]
[EventRounds "11"]
[EventCountry "UKR"]

1. d4 Nf6 2. Nf3 g6 3. Bf4 Bg7 4. e3 d6 5. Be2 Nh5 6. Bg5 h6 7. Bh4 g5 8. Nfd2
Nf4 9. exf4 gxh4 10. c3 c5 11. dxc5 dxc5 12. Nf3 Qxd1+ 13. Bxd1 h3 14. g3 Nd7
15. Na3 a6 16. Nc4 b5 17. Ne3 Bb7 18. O-O Nb6 19. Ne5 h5 20. Bf3 Bxf3 21. Nxf3
Na4 22. Rab1 Rd8 23. Rfe1 Bf6 24. c4 Bxb2 25. Re2 Bf6 26. cxb5 Nc3 27. Reb2
Nxb1 28. Rxb1 axb5 29. Rxb5 c4 30. Rc5 c3 31. Kf1 e6 32. Ne5 Bxe5 33. fxe5 O-O
34. Rxc3 Rd2 35. Rc2 Rxc2 36. Nxc2 Rb8 37. Nd4 Rb1+ 38. Ke2 Rb2+ 39. Ke3 Rxa2
40. Ne2 h4 41. gxh4 Kg7 42. Nf4 Kh6 43. Kf3 Ra5 44. Ke4 Ra3 45. f3 Ra2 46. Nxh3
Rxh2 47. Ng5 Rxh4+ 48. f4 Kg6 49. Nf3 Rh1 50. Nd4 Kh5 51. Nf3 Kg4 52. Ng5 Re1+
53. Kd3 Kxf4 54. Nxf7 Ra1 55. Kd4 Ra7 56. Nd6 Ra4+ 57. Kd3 Kxe5 58. Nf7+ 0-1

[Event "Bank Lviv-open 2016 (C-Open)"]
[Site "Lviv"]
[Date "2016.03.16"]
[Round "11.5"]
[White "Stupak, Kirill"]
[Black "Mirzoev, Emil"]
[Result "1-0"]
[WhiteElo "2612"]
[BlackElo "2433"]
[PlyCount "71"]
[EventDate "2016.03.15"]
[EventType "swiss (rapid)"]
[EventRounds "11"]
[EventCountry "UKR"]

1. d4 Nf6 2. g3 d6 3. Bg2 Nbd7 4. e4 e5 5. Ne2 Be7 6. O-O O-O 7. Nbc3 c6 8. a4
Re8 9. h3 Bf8 10. Be3 exd4 11. Bxd4 Ne5 12. f4 Ng6 13. Qd2 b6 14. Rad1 Bb7 15.
g4 a6 16. g5 Nd7 17. Bf2 b5 18. h4 b4 19. Nb1 c5 20. h5 Nh8 21. Ng3 a5 22. c4
bxc3 23. Nxc3 Bc6 24. e5 Bxg2 25. Kxg2 Ra6 26. Nb5 Nb6 27. exd6 Nc4 28. Qd5
Nxd6 29. Bxc5 Re6 30. Bxd6 Bxd6 31. Ne4 Qc8 32. Nbxd6 Rexd6 33. Nxd6 Qg4+ 34.
Kh2 Qxh5+ 35. Kg3 Ng6 36. Qxf7+ 1-0

[Event "Bank Lviv-open 2016 (C-Open)"]
[Site "Lviv"]
[Date "2016.03.16"]
[Round "11.6"]
[White "Kuzubov, Yuriy"]
[Black "Shevchenko, Kirill"]
[Result "0-1"]
[WhiteElo "2567"]
[BlackElo "2411"]
[PlyCount "48"]
[EventDate "2016.03.15"]
[EventType "swiss (rapid)"]
[EventRounds "11"]
[EventCountry "UKR"]

1. d4 Nf6 2. Bg5 d6 3. Nc3 Nbd7 4. e4 e5 5. Nf3 Be7 6. Qd2 c6 7. O-O-O Qc7 8.
g4 b5 9. Bd3 O-O 10. Ne2 Nb6 11. h3 c5 12. dxe5 dxe5 13. Ng3 c4 14. Be2 Bb7 15.
Nf5 Bxe4 16. Nxe7+ Qxe7 17. Qe3 Bxf3 18. Bxf3 Rad8 19. Rhe1 Rxd1+ 20. Rxd1 Rc8
21. c3 b4 22. Bxf6 Qxf6 23. cxb4 c3 24. b3 c2 0-1